| 000 | 01078nmm a2200301 a 4500 | ||
|---|---|---|---|
| 999 |
_c7648 _d7648 |
||
| 001 | 991036381089706706 | ||
| 003 | OSt | ||
| 005 | 20220222161241.0 | ||
| 007 | cr ||||||||||| | ||
| 008 | 150804c20159999spc f | 000 0 cat|c | ||
| 035 | _a(ES-BaCBU).b68952387 | ||
| 040 |
_aCDMR _bcat _cCDMR |
||
| 245 | 0 | 0 |
_aButlletí de l'AMIC: premsa, comunicació, publicitat i màrqueting _h[Recurs electrònic] |
| 260 |
_a[Barcelona] : _bAMIC, _c2012- |
||
| 300 | _a1 recurs electrònic | ||
| 310 | _aSetmanal | ||
| 362 | 0 | _aNúm.1 (4 maig 2012)- | |
| 500 | _aTítol obtingut de la pantalla inicial | ||
| 538 | _aRecurs electrònic en format PDF | ||
| 650 | 7 |
_aIndústria audiovisual _zCatalunya. _xRevistes electròniques _2lemac |
|
| 650 | 7 |
_aIndústria de la televisió _zCatalunya. _2lemac |
|
| 650 | 7 |
_aInternet _zCatalunya. _2lemac |
|
| 650 | 7 |
_aPublicitat _zCatalunya. _2lemac |
|
| 650 | 7 |
_aRàdio _zCatalunya. _2lemac |
|
| 710 |
_aAssociació de mitjans d'informació i comunicació _94822 |
||
| 856 | 4 |
_zAccés lliure _uhttps://www.amic.media/butlleti.php |
|
| 942 |
_2udc _cSER-E |
||